Top 5 Power Forwards of All-Time - Statistics

General Stats
  • This quiz has been taken 19 times
  • The average score is 4 of 5
Answer Stats
Hint Answer % Correct
1. Tim Duncan
93%
3. Karl Malone
86%
4. Dirk Nowitzki
71%
2. Kevin Garnett
57%
5. Giannis Antetokounmpo
43%
No matching quizzes found
Score Distribution
Percent of People with Each Score
Percentile by Number Answered
Your Score History
You have not taken this quiz